Estate planning

Bibliographic Details
Main Author: Casner, James A.
Format: Book
Published: Boston, Toronto : Little, Brown and Co. , 1979
Edition:4th. ed.
Subjects:

MARC

LEADER 00000cam a2200000 7i4500
001 0000003900
005 20021111.0
040 |a INS 
090 0 0 |a RKF749.   |b C3 1979 
100 1 |a Casner, James A. 
245 1 0 |a Estate planning   |c James A. Cass 
250 |a 4th. ed. 
260 |a Boston, Toronto :   |b Little, Brown and Co. ,   |c 1979 
300 |a xxiii, 1087p. ;   |c 24 cm. 
500 |a Includes index 
650 0 0 |a Real property and taxation   |z United States 
650 0 0 |a Real property tax   |z United States   |x law 
999 |a 0000001965   |b BOOK   |c Reference   |e Default branch